00783nam a2200229Ia 4500003000900000008004100009020002200050040001600072080001700088100002300105245009300128260003900221300001400260490002700274650002800301650001900329700002500348700002300373942000700396999001700403952013300420IN-BaIIA211028s9999 xx 000 0 eng d a978-0-486-68754-4 cIIA Library a530.145bMAR aMarch, N. H936417 4aThe many body problem in quantum mechanicscby N.H. March, W.H. Young and S. Sampanthar. aNew YorkbDover Publicationsc1995 aix, 459p. aDover books on physics aMany body problem91542 aQuantum theory aSampanthar, S936418 aYoung, W. H936419 cBK c19072d19072 00104070aBANbBANcGENd2015-07-08eSBA g9084.00l0o530.145/ MARp19994r2021-11-05v9084.00w2015-07-08yBKGRs. 9084.00